000 00464nam a22001697a 4500
003 BD-ChCU
005 20251113124735.0
008 251113b bg ||||| |||| 00| 0 ben d
040 _cBD-ChCU
082 _a511.8 SNE
100 _aSnyder, Liewellyn R.
_916125
245 _aElements of business mathematics for colleges.//
_cLiewellyn, R.
260 _aNew York
_bMcGraw-Hill
_c1966
300 _ax, 249p
650 0 _aMathematics.
_916126
942 _2ddc
_cBK
_n0
999 _c109428
_d109428